| Tag |
First Indicator |
Second Indicator |
Subfields |
| LEADER |
00000cam a2200000 a 4500 |
| 001 |
in00001025921 |
| 005 |
20150928121328.0 |
| 008 |
901018s1991 nyu b 000 0 eng |
| 010 |
|
|
|a 90021371
|
| 020 |
|
|
|a 0889464944
|
| 035 |
|
|
|a (OCoLC)22662718
|
| 035 |
|
|
|9 AFF9787AM
|
| 040 |
|
|
|a DLC
|c DLC
|d UtOrBLW
|
| 043 |
|
|
|a e-uk---
|
| 049 |
|
|
|a TXAM
|
| 050 |
0 |
0 |
|a PR6023.E926
|b Z646 1991
|
| 082 |
0 |
0 |
|a 828/.91209
|2 20
|
| 245 |
0 |
0 |
|a Essays on C.S. Lewis and George MacDonald :
|b truth, fiction, and the power of imagination /
|c edited by Cynthia Marshall.
|
| 264 |
|
1 |
|a Lewiston, NY, USA :
|b E. Mellen Press,
|c 1991.
|
| 300 |
|
|
|a 114 pages ;
|c 24 cm.
|
| 336 |
|
|
|a text
|b txt
|2 rdacontent
|
| 337 |
|
|
|a unmediated
|b n
|2 rdamedia
|
| 338 |
|
|
|a volume
|b nc
|2 rdacarrier
|
| 490 |
1 |
|
|a Studies in British literature ;
|v v. 11
|
| 504 |
|
|
|a Includes bibliographical references.
|
| 600 |
1 |
0 |
|a Lewis, C. S.
|q (Clive Staples),
|d 1898-1963
|x Criticism and interpretation.
|
| 600 |
1 |
0 |
|a MacDonald, George,
|d 1824-1905
|x Influence.
|
| 650 |
|
0 |
|a Fantasy fiction, English
|x History and criticism.
|
| 650 |
|
0 |
|a Imagination
|x Religious aspects
|x Christianity.
|
| 700 |
1 |
|
|a Marshall, Cynthia.
|
| 830 |
|
0 |
|a Studies in British literature ;
|v v. 11.
|
| 944 |
|
|
|a stk
|h REPL<1803172>REP-SAME<>REF<cbenefie>
|m Replacement on order
|
| 999 |
|
|
|a MARS
|
| 999 |
f |
f |
|s 17045215-8ee3-34c8-a097-3cb7d08933d2
|i 946c2de1-a689-370b-afa5-d051cd770798
|t 0
|
| 952 |
f |
f |
|p normal
|a Texas A&M University
|b College Station
|c Sterling C. Evans Library
|d Evans: Library Stacks
|t 0
|e PR6023.E926 Z646 1991
|h Library of Congress classification
|i unmediated -- volume
|m A14834477375
|
| 952 |
f |
f |
|p normal
|a Texas A&M University
|b College Station
|c Sterling C. Evans Library
|d Evans: Library Stacks
|t 0
|e PR6023.E926 Z646 1991
|h Library of Congress classification
|i unmediated -- volume
|m A14814704126
|
| 998 |
f |
f |
|a PR6023.E926 Z646 1991
|t 0
|l Evans: Library Stacks
|
| 998 |
f |
f |
|a PR6023.E926 Z646 1991
|t 0
|l Evans: Library Stacks
|